| 000 | 00499nam a22001697a 4500 | ||
|---|---|---|---|
| 005 | 20220624094151.0 | ||
| 008 | 210303b xxu||||| |||| 00| 0 spa d | ||
| 041 | _aspa | ||
| 082 | _aTU 115 | ||
| 100 |
_aMéndez Brenes, Yendry Paola _959817 |
||
| 245 | _aInforme de práctica supervisada realizada en Agencia de Viajes Turísta Inteligente | ||
| 260 | _c2019 | ||
| 300 | _a18 páginas | ||
| 650 |
_aCOSTA RICA _963970 |
||
| 650 |
_aAGENCIA DE VIAJES TURÍSTICA INTELIGENTE _959819 |
||
| 942 | _cIP | ||
| 999 |
_c12928 _d12928 |
||